Регионална библиотека "Любен Каравелов" - Русе

Ехо (Запис номер 31758)

MARC детайли
000 -Лидер
Контролно поле с фиксирана дължина 01076nam a2200301 c 4500
003 - Код на организацията, давaща контролен номер
Контролно поле BLK
005 - Дата и час на последна редакция
Контролно поле 20210419133828.0
008 - Елементи от данни с фиксирана дължина
fixed length control field 180407b bul|||||r ||||||| ||bul||
010 ## - Наследен системен номер
LC control number KNG00034418000
020 ## - Международен стандартен номер на книга ISBN
Международен стандартен номер на книга ISBN 954-90745-2-8
040 ## - Източник на каталожния запис
Идентификатор на билиотеката - собственик на записа BLK
041 ## - Код за език
Код за езика на текст/звукозапис или на отделно заглавие Български
Код за езика КДБФ Български
080 ## - УДК
Текстов определител УДК Българска литература
УДК код - определител по УДК 821.163.2
УДК определител -193
УДК - код + определител 821.163.2-193
100 ## - Редна дума - Автор
Автор Петков, Петко Иванов
Авторска отговорност първи автор
R(LIN) 364561
139 ## - Редно поле
Редна дума Петков, Петко Иванов
Авторски знак Петко - П 44
245 10 - Сведения за заглавието
Заглавие Ехо
Подзаглавни данни Стихове
Редно поле (дума) Пепе.
257 ## - Страна на издаване
Страна на създаване/издаване България
260 ## - Област на издателските данни
Име на издателя, разпространителя и проч. Никс принт
Година на издаване 2000
300 ## - Физическа характеристика
Страници 50 с.
Размери/Мащаб 11Х15 см
380 ## - Жанр
Жанр Худож. лит.
500 ## - Общи забележки
Забележка Пепе - псевд. на Петко Иванов Петков.
700 1# - Други автори (авторска отговорност)
Лично име Пепе
Автороска отговорност (Описва отношението между автора и произведението) *
9 (RLIN) 108504
852 ## - Местоположение
Форматна сигнатура Цб І 30201
856 4# - Електронен адрес и достъп
Електронен формат pdf - файл
856 4# - Електронен адрес и достъп
Електронен формат pdf - файл
999 ## - СИСТЕМНИ КОНТРОЛНИ НОМЕРА
Koha biblionumber 31758
Koha biblioitemnumber 31758
942 ## - АРТИКУЛИ
Вид на библиотечния материал Книги
Скрит в OPAC Не
Периодичен библиозапис Да
944 ## - СЪЗДАВАНЕ И РЕДАКЦИЯ на ЗАПИСА
Създаване/Редакция Създаване
Дата на регистрацията/редакция 19.02.2003
Служител, извършил регистрацията/редакцията AB_DOS
944 ## - СЪЗДАВАНЕ И РЕДАКЦИЯ на ЗАПИСА
Създаване/Редакция Редакция
Дата на регистрацията/редакция 19.02.2003
999 ## - СИСТЕМНИ КОНТРОЛНИ НОМЕРА
Koha biblioitemnumber 31758
Наличности
Код за отписване Код за изгубен артикул Източник на класификационната схема Код за повреда Коз за рестрикции Код за отдаване Артикулен № Име на библиотеката - собственик Име на библиотеката, в която се намира в момента Статус (Текущо местоположение) Дата на вписване в системата Местоположение - отдел Цена в лева Инвентарен номер Систематично азбучна сигнатура Баркод Номер на екземпляра Цена в евро Служебен тип на артикула
  Не е изгубен Universal Decimal Classification Не е повреден без рестрикции ползва се в читалня 50574 Регионална библиотека "Любен Каравелов" Русе Регионална библиотека "Любен Каравелов" Русе Хранилище 2001-01-01 Хранилище 0.00 660720 Цб I 30201 120000660720 1 0.00 Книги
Vip Innovations Ltd, Rousse, Bulgaria 2025